000 00759nam a2200253Ia 4500
003 OSt
005 20221005041014.0
006 a|||||r|||| 00| 0
007 ta
008 221004b |||||||| |||| 00| 0 eng d
024 _a77324
037 _cTextual
040 _aCRL
_cCRL
_beng
041 _2eng
_aeng
082 _aT4.281,e4,Du-DSEjN48, N5
100 _aKumar Dharma Ed.
_9249801
245 0 _aD. School
_b Reflections on the Delhi school of economics
260 _aDelhi
_bOxford university press India
_c1995
300 _a288p
_ccm.
650 _aEDUCATION
700 _a Mookherjee Dilip Ed.
942 _hT4.281,e4,Du-DSEjN48, N5
_cTEXL
_2cc
999 _c947804
_d947804